000 00548nam a2200241 a 4500
001 nice12345678
003 IN_TiNIC
005 20260116011729.0
008 050524s1969 boma grp 000 0 eng
020 _a
_c100
082 0 0 _a230
_bSIN2
100 _aSingh, Bakht
245 _aMy Chosen.
260 _aBombay
_bGospel Literature Service
_c1969
300 _a50p
500 _aincludes index and biblioraphy
505 2 _aIndex
650 _aTheology
700 1 _aSingh, Bakht
902 _bSRS
942 _cBK
999 _c3571
_d3571